| 000 | 01033aam a2200349 a 4500 | ||
|---|---|---|---|
| 001 | 73772 | ||
| 005 | 20230410130523.0 | ||
| 008 | 990127s1998 nq 000 0 spa | ||
| 010 | _a 99165998 | ||
| 035 | _a(OCoLC)ocm42866261 | ||
| 040 |
_aDLC _cDLC _dNDD |
||
| 019 | _a41254045 | ||
| 035 |
_a(OCoLC)42866261 _z(OCoLC)41254045 |
||
| 041 | 0 | _aspanah | |
| 050 | 1 | 4 |
_aPM 4070 _bB154 1998 |
| 082 | 0 | 0 | _a897.42 |
| 049 | _aGRAL | ||
| 130 | 0 |
_aGueguense. _lSpanish & Nahuatl. |
|
| 245 | 1 | 0 |
_aBaile de el güegüence : _bo macho ratón. |
| 250 | _aCiudado de edición Alicia Casco Guido. | ||
| 260 |
_aManagua, Nicaragua : _bEditorial Hispamer, _c1998. |
||
| 300 |
_a99 p. ; _c21 cm. |
||
| 440 | 0 | _aBreviarios de la cultura nicaraguense | |
| 546 | _aText is Spanish and Nahuatl | ||
| 630 | 0 | _aGüegüence. | |
| 630 | 4 |
_aEl Güegüence _xCrítica e interpretación. |
|
| 650 | 4 | _aTeatro indígena nicaraguense. | |
| 700 | 1 |
_aCasco Guido, Alicia, _eed. |
|
| 942 |
_2lcc _cbk |
||
| 946 | _amfcruz | ||
| 994 |
_aC0 _bDRFGD |
||
| 999 |
_c75495 _d75495 |
||